O pôvode názvu Plavecký hrad

Podrobná bibliografia
Hlavný autor: Palkovič, Konštantín, 1919-2008 (Autor)
Médium: Článok
Jazyk:slovenčina
Fyzický popis:Lit. 5 zázn. v slov., nem., ruš., lat.
Predmet:

MARC

LEADER 00000nab a2200000 a 4500
001 vtls000437752
003 SK-MaSNL
005 20260305044228.0
008 230223c1991 xo 0 slo
015 |a SNBRB19rr/mm-uuuuu 
035 |a CL0437880 
035 |a urn:nbn:sk:snk-ab1ion 
035 |a (urnnbn)urn:nbn:sk:snk:ar-0042sq 
035 |a (uuid)517dd2fb-a641-4d86-bf2e-5d3bbd82fcf7 
040 |a SNKBUCL  |b slo  |c SNKBUCL  |e AACR2 
041 0 |a slo 
044 |a xo  |c SK 
080 |a 801.311.1:801.54:808.54  |2 1981 
080 |a 801.54  |2 1981 
080 |a 808.54  |2 1981 
100 1 |a Palkovič, Konštantín,  |d 1919-2008  |4 aut  |9 11233 
245 1 0 |a O pôvode názvu Plavecký hrad  |c Konštantín Palkovič 
300 |b Lit. 5 zázn. v slov., nem., ruš., lat. 
650 0 7 |a slovenčina  |2 snkbucl  |9 1350 
650 0 7 |a lexikológia  |2 snkbucl  |9 866 
650 0 7 |a ojkonymá  |2 snkbucl  |9 239133 
655 7 |a články z novín a časopisov  |2 snkbucl  |9 267496 
773 0 |t Slovenská reč  |g Roč. 56, č. 4 (1991), s. 238-239 
850 |a Slovenská národná knižnica v Martine  |a MTA001 
852 |a SNK  |b KIS3GCP 
954 |a odborná, vedecká literatúra pôvodná (slovenská)  |2 lita 
958 |a NB 
958 |a RK 
958 |a OND 
958 |a EUIPO 
958 |a article27 
992 |a RBX 
999 |c 3357289  |d 3359219